| 000 | 03188nam a2200289Ia 4500 | ||
|---|---|---|---|
| 003 | OSt | ||
| 005 | 20210907123239.0 | ||
| 008 | 210310s1995 ck ad fr 000 0dspa d | ||
| 020 | _a9586016277 | ||
| 040 |
_aCO-JMCR _cCO-JMCR |
||
| 041 | 0 | _aspa | |
| 082 | 0 | 4 |
_a330.98018 / _bL865a _223 |
| 100 | 1 |
_aLora, Eduardo, _917510 _ecoordinador |
|
| 245 | 1 | 0 |
_aAnálisis de coyuntura económica : _bmétodos aplicados en América Latina / _cEduardo Lora y Joaquín Vial, coordinadores |
| 250 | _aPrimera edición | ||
| 260 |
_aBogotá : _bTercer Mundo, _c1995 |
||
| 300 |
_axiv, 335 páginas : _bilustraciones y gráficas a blanco y negro ; _c21 cm. |
||
| 490 | 0 | _aEconómica | |
| 500 | _aIncluye notas a pie de página y datos biográficos de los autores. | ||
| 504 | _aBibliografía al final de cada capítulo. | ||
| 505 | 0 |
_tModelos macroeconómicos en el análisis de coyuntura / _rJoaquín Vial _tLa actividad económica de corto plazo: métodos de análisis en países latinoamericanos / _rCarlos H. Ortiz Q. _tIndicadores laborales / _rMarta Luz Henao _tSector externo: análisis y proyección de la balanza de pagos / _rCarmen Celedón _tIntroducción a la política fiscal macroeconómica / _rOsvaldo Larrañaga _tTécnicas de programación monetaria para el análisis de coyuntura / _rCarlos Budnevich _tDetrás del velo inflacionario / _rEduardo Lora, Olga Lucía Jaramillo,. Carlos H. Ortiz |
|
| 520 | 3 | _aDebido a que las economías latinoamericanas sufren continuadas fluctuaciones, las organizaciones gremiales, las entidades públicas y las grandes empresas de todos nuestros países dedican ingentes esfuerzos al seguimiento y evaluación de la coyuntura económica. Pero quienes adelantan estas tareas a menudo carecen del instrumental analítico adecuado, ya que en las universidades de la región el estudio formal de la economía suele estar divorciado de las realidades nacionales. Este libro busca tender un puente entre los textos básicos de macroeconomía y la práctica diaria de los análisis de coyuntura económica en América Latina. Dado su objetivo, este libro tiene un enfoque aplicado. Ha sido estructurado alrededor de los principales temas del análisis de coyuntura económica, como son la actividad productiva, la situación laboral, el sector externo, las finanzas públicas, y los indicadores de precios e inflación. En cada uno de estos temas se han seleccionado los conceptos, metodologías y modelos de uso más corriente en los países de la región, utilizando siempre cifras y ejemplos reales. Cieplan es una institución privada de carácter académico, sin fines de lucro, creada en Chile en 1976 con el objetivo de propiciar el análisis de problemas económicos de interés nacional e internacional. Fedesarrollo es una entidad privada independiente y sin ánimo de lucro, con sede en Colombia, que durante 25 años se ha dedicado a la investigación económica con el ánimo de contribuir a la adopción de políticas económicas acertadas. | |
| 650 | 1 | 4 |
_aMacroeconomía _917512 _xMetodología _xModelos |
| 651 | 4 |
_aAmérica Latina _xCondiciones económicas _940091 |
|
| 700 | 1 |
_aVial, Joaquín, _ecoordinador _940092 |
|
| 942 |
_2ddc _cBK |
||
| 999 |
_c8520 _d8520 |
||